| 000 | 00564 a2200181 4500 | ||
|---|---|---|---|
| 003 | OSt | ||
| 005 | 20180116182806.0 | ||
| 008 | 160825b xxu||||| |||| 00| 0 eng d | ||
| 020 | _a0 | ||
| 040 | _c0 | ||
| 082 | _a005.1 COC 2000 | ||
| 100 | _aDavid Johnson | ||
| 245 |
_aWindows 2000 Server Exam Study Guide Microsoft Certified Systems Engineer _cDavid Johnson |
||
| 260 |
_a New Delhi _bDreamtech Press _c2000 |
||
| 300 |
_a726 p. _bPB |
||
| 440 | _aWindows 2000 Server Exam Study Guide Microsoft Certified Systems Engineer | ||
| 942 |
_aNBS _cBK _k005.1 COC _2ddc |
||
| 999 |
_c346062 _d346062 |
||